{"text_format":"2","workbook":"xlsx","n_sheets":2,"sheets":["Bag & Bulk","Retail"],"not_rendered":{"charts":0,"images":1,"macros":0,"external_links":0,"defined_names":0,"comments":0,"pivot_tables":0},"unopened":[],"bounds":{"document_bytes":16777216,"sheet_cells":100000,"run_cost":"one","rows_first":2000,"rows_last":500,"rows_between":2000,"halvings":0,"cell_chars":16384,"cell_head_chars":4096},"cells_cut":0,"cells_raw":0,"read":"whole","date_system":"1900"}

{"sheet":"Bag & Bulk","index":0,"n_rows":59,"n_cols":11,"rows_kept":59,"cut":false,"hidden":false,"merged":[[5,1,5,6],[4,7,4,10],[3,1,3,6],[0,7,0,10],[1,7,1,10],[2,7,2,10],[3,7,3,10]]}
[]
[]
[]
[]
[]
[]
["MICRO INGREDIENTS",{"$nulls":5},"NON-GMO PRODUCTS"]
["PRODUCT","Qty",null,"PER #","PRICE",null,"PRODUCT","Qty",null,"PER #","PRICE"]
["All-Tech Allzyme Veg Pro",55,"lb",{"$f":"E9/B9","v":2.4},132,null,"Apple Cider Vinegar(32#)",4,"gal",{"$f":"K9/32","v":0.6875},22]
["Biofix Plus",50,"lb",2.9,145,null,"Apple Cider Vinegar (440#)",55,"gal",{"$f":"K10/440","v":0.56818181818181823},250]
["Biotin 100",50,"lb",0.32,16,null,"Broiler Grower Pellets",50,"lb",{"$f":"K11/H11","v":0.32},16]
["By-O-Reg Plus",50,"lb",9.8000000000000007,490,null,"Chick Starter Crumbles - NOW IN",50,"lb",{"$f":"K12/H12","v":0.36},18]
["Calcium Carbonate",50,"lb",0.11,5.5,null,"Calf Starter 14% Pellets - OUT",50,"lb",{"$f":"K13/H13","v":0.32},16]
["Dicalcium Phosphate",50,"lb",0.36,18,null,"Oat Mill Run Pellets ",50,"lb",{"$f":"K14/H14","v":0.1},5]
["Iron Sulfate",50,"lb",0.38,19,null,"Oat Mill Run Pellets",2000,"lb",{"$f":"K15/H15","v":7.2499999999999995E-2},145]
["Natural Salt (OMRI)",50,"lb",0.16,8,null,"Hog Starter-Grower 16%",50,"lb",0.22,11]
["Magnesium Oxide",50,"lb",0.3,15,null,"Hog Grower-Finisher 14%",50,"lb",0.18,9]
["Organic ADE Mineral",50,"lb",0.96,48,null,"Horse Mix 12% Pellets",50,"lb",{"$f":"K18/H18","v":0.28999999999999998},14.5]
["Organic Dairy 2:1 Mineral",50,"lb",0.46,23,null,"Layer Pellets",50,"lb",{"$f":"K19/H19","v":0.32},16]
["Organic Calsporin",25,"lb",4.3,107.5,null,"Rumapro Soy Hulls",2000,"lb",{"$f":"160/2000","v":0.08},"L: 145"]
["Reed Sedge Peat Humates",55,"lb",{"$f":"E21/32","v":0.9375},30,{"$nulls":4},{"$f":"190/2000","v":9.5000000000000001E-2},"   P: 175.00 "]
["Selenium 0.02%",50,"lb",{"$f":"E22/B22","v":0.18},9,null,"Soy Pro 40 Meal",2000,"lb",{"$f":"K22/H22","v":0.1875},375]
["Selenium 0.06%",50,"lb",0.2,10,null,"Soy Pro 50 Meal",2000,"lb",{"$f":"K23/H23","v":0.1875},375]
["Shell & Bone Meal",50,"lb",0.14000000000000001,7,null,"Soy Pro 55 Meal",2000,"lb",{"$f":"K24/H24","v":0.1875},375]
["Sodium Bentonite",50,"lb",0.16,8,null,"Soybean Meal",2000,"lb",null,"$Call"]
["Sodium Bicarbonate",50,"lb",0.32,16,null,"Non-GMO Soybean Oil (32#)",4,"gal",{"$f":"K26/H26","v":2.5},10]
["Vitamin E 20,000",50,"lb",{"$f":"E27/B27","v":0.5},25,null,"Wildlife Feed - NOW IN STOCK",50,"lb",{"$f":"K27/H27","v":0.2},10]
["RIVERSIDE'S PREMIX PACKS",{"$nulls":5},"ORGANIC PRODUCTS"]
["RF Cattle 2-1 Mineral",47.3,"lb",{"$f":"E29/B29","v":0.44397463002114168},21,null,"PRODUCT","Qty",null,null,"PRICE"]
["RF Farmix Plain",50,"lb",{"$f":"E30/B30","v":0.56000000000000005},28,null,"Dr. Paul's Aloe Pellets",50,"lb",{"$f":"K30/H30","v":1.44},72]
["RF Farmix Starter Premix",50,"lb",{"$f":"E31/B31","v":0.7},35,null,"Alfalfa Meal - or - Pellets",50,"lb",{"$f":"K31/50","v":0.36},18]
["RF Gut Guard",50,"lb",7.5,375,null,"Apple Cider Vinegar (8#)",1,"gal",{"$f":"K32/50","v":0.39},19.5]
["RF Sow Boost",50,"lb",{"$f":"E33/B33","v":0.38},19,null,"Apple Cider Vinegar (32#)",4,"gal",{"$f":"K33/32","v":0.9375},30]
["FERTRELL PRODUCTS",{"$nulls":5},"Apple Cider Vinegar (440#)",55,"gal",{"$f":"K34/440","v":0.81818181818181823},360]
["Fertrell Fishmeal",50,"lb",{"$f":"E35/B35","v":1.4},70,null,"Calf Starter 14% Pellets - OUT",50,"lb",{"$f":"K35/H35","v":0.4},20]
["Fertrell RC Gold 4x",12,"lb",{"$f":"E36/B36","v":4.5},54,null,"Dried Buttermilk Powder",50,"lb",{"$f":"K36/H36","v":1},50]
["Fertrell Goat Nutri-Balancer",50,"lb",{"$f":"E37/B37","v":1.04},52,null,"Acadian Kelp",50,"lb",{"$f":"K37/H37","v":0.98},49]
["Fertrell Grazier's Choice",50,"lb",{"$f":"E38/B38","v":0.82},41,null,"Liquid Molasses",50,"lb",{"$f":"K38/H38","v":0.76},38]
["Fertrell Sheep Mineral",50,"lb",0.88,44,null,"Oat Mill Run Pellets",2000,"lb",{"$f":"K39/H39","v":9.2499999999999999E-2},185]
["Fertrell Sow Premix ",50,"lb",{"$f":"E40/B40","v":0.86},43,null,"Hog Feeds (all stages)",2000,"lb",null,"$Call"]
["Fertrell Swine Grower",50,"lb",0.88,44,null,"Milk Specialties Milk Replacer",50,"lb",{"$f":"K41/H41","v":3.5},175]
["Fertrell Horse Power Mineral",50,"lb",1.18,59,null,"Opro 20 Soy Hull Pellets",2000,"lb",{"$f":"K42/H42","v":0.1825},365]
["Fertrell Poultry NB w/o Meth",50,"lb",1.28,64,null,"Opro 40",2000,"lb",{"$f":"K43/H43","v":0.41249999999999998},825]
["REDMOND PRODUCTS",{"$nulls":5},"Opro 50 ",2000,"lb",{"$f":"K44/H44","v":0.42499999999999999},850]
["Beef Mineral Mix",50,"lb",{"$f":"E45/B45","v":0.36},18,null,"PreWean 22 Pellets",50,"lb",{"$f":"K45/H45","v":0.62},31]
["Conditioner Coarse",50,"lb",0.28000000000000003,14,null,"Soybean Meal",2000,"lb",null,"$Call"]
["Goat Mineral",5,"lb",1.8,9,null,"Soybean Oil  (32#)",4,"gal",{"$f":"K47/32","v":0.59375},19]
["Goat Mineral",25,"lb",0.6,15,null,"Steamed Rolled Oats",50,"lb",{"$f":"K48/H48","v":0.45},22.5]
["Natural TM 10 Salt (Bag)",50,"lb",0.24,12]
["Natural TM Salt Block",44,"lb",0.27272727272727271,12,null,"CUSTOM SERVICES"]
["NTM #10 w/Selenium 90",50,"lb",0.28000000000000003,14,null,"Pelleting (1 ton min.)",2000,"lb",{"$f":"K51/H51","v":1.4999999999999999E-2},30]
["TM 10 Salt w/Garlic (Pest Guard)",50,"lb",0.36,18,null,"Crumbling (additional to pelleting)",2000,"lb",{"$f":"K52/H52","v":3.7499999999999999E-3},7.5]
["TM 10 Salt w/Garlic Block",44,"lb",0.40909090909090912,18,null,"Grinding/Mixing",2000,"lb",{"$f":"K53/H53","v":2.2499999999999999E-2},45]
["SR 65",50,"lb",{"$f":"E54/B54","v":0.28000000000000003},14,null,"50# Feed Sack Bagging",2000,"lb",2.75E-2,55]
["Wildlife Trophy Rock (salt rock)",20,"lb",{"$f":"E55/B55","v":0.75},15,null,"2000# Poly Tote Bagging",2000,"lb",1.4999999999999999E-2,30]
[]
[]
[]
[null,null,"**Prices are subject to change without notice**"]

{"sheet":"Retail","index":1,"n_rows":83,"n_cols":7,"rows_kept":83,"cut":false,"hidden":false,"merged":[]}
["Dr. Paul's Lab:","ID Number:","Price:",null,"Shoo-Fly Concentrate - 32 Ounce","10660-32oz",81]
["Dr. Paul's Book ",null,null,null,"                           64 Ounce  ","10660-64oz",132]
["Complete Guide to Raising Animals Org.",14001,35,null,"Shoo-Fly Spray - 32 Ounce","10650-32oz",17]
["ABC Relief - 12 PACK","10000-12pk",71,null,"                              Gallon Refill","10650-1G",55]
["16 OUNCE","10000-16oz",85,null,"Super Wound Spray - 22 oz","10680-22oz",22.5]
["Aloe C - Gallon","10500-1G",26,null,"64 Ounce Refill","10680-64oz",52]
["Aloe Pellets - 3.5 #","10510-3.5lbs",10.5,null,"Swine-X  -  60 Ounce","10690-60oz",26]
["25# Pail","10510-25lbs",47.5,null,"5 Quart","10690-5qt",66.5]
["50# Bag","10510-50lbs",72,null,"3 Gallon","10690-3G",152]
["Antioxidant Blend - 2 ounce",null,20,null,"Tom's Stomach Health - 8 ounce",null,60]
["                                    8 Ounce","10020-8oz",45,null,"Wellness Tonic  -  Gallon","10710-1G",36.5]
["Apple Cider Vinegar (Organic) - 1 Gal",null,19.5,null,"Will John  -  2 Ounce","10350-2oz",20]
["Arnica Ice Lotion - 8 ounce",null,27,null,"                      4 Ounce","10350-4oz",31.5]
["                                 16 ounce",null,47,null,"                      8 Ounce","10350-8oz",45]
["Arnica Tincture - 8 ounce","10030-8oz",45,null,"Whey OL  -  450ml","10730-450ml",61]
["B-Well - 25 ct. Cows","10820-25COW",36,null,"Wound Powder - 16 Ounce",null,25]
["Beet-Oh - 2 Ounce",null,20,null,"Homeopathy:   Apis - 1 Ounce","10360-1oz",14]
["Boost-Her - 25 Capsules","10840-25C",45,null,"Sepia - 1 Ounce","10361-1oz",14]
["Bug-A-Boo - 8 Ounce",null,15,null,"Supplies:"]
["Calf Ease - 30 Capsules","10850-30C",33,null,"All Weather Livestock Marker","Red - 4500, Blue - 4505","$1.50/Stick"]
["Calf Start - 32 ounce",".",30,null,"(Blue, Red, Green, Orange)","Green - 4510, Orange - 4515","$12/Case"]
["                           64 Ounce  ","10520-64oz",52,null,"Flexible Bandage (4\"x5yds.)",4581,2.75]
["Gallon","10520-1G",92,null,"3 Qt Calf Bottle/Nipple Set",4595,12.5]
["Caulophyllum - 4 ounce","10090-4oz",31.5,null,"Replacement Nipple",4591,3]
["8 ounce","10090-8oz",45,null,"Calf Feeding Bucket w/Nipple",4596,18.75]
["                           32 Ounce","10090-32oz",145,null,"Replacement Nipple for Bucket",4590,5.25]
["CEG - 2 ounce","10110-2oz",20,null,"Bolus Gun/Cow",4550,24]
["8 ounce","10110-8oz",45,null,"Bolus Gun/Calf",4555,3.5]
["32 ounce","10110-32oz",145,null,"Tincture Syringes  -  6cc",4560,0.5]
["CEG Switchel - 32 ounce",null,15,null,"Syringe  -  140cc",4565,7]
["CGS - 60 ounce","10530-60oz",41,null,"Pipettes  -  3 Singles",4575,1]
["5 Quart","10530-5qt",82,null,"Needles (for syringes)",4545,"$0.20 / Each"]
["                           15#","10530-15lbs",395,null,"Digital Thermometer",4580,5]
["Cocci - Blast  -  60 ct","10870-60C",62,null,"Udder Infusion Canular - Single",4570,3.5]
["Comfort Bolus - 20 ct","10880-20C",38,null,"Plastic Baler Twine 170 ks 7200'",null,26]
["Comfrey - 8 ounce","10130-8oz",45,null,"2\" Ratchet Straps (in case you forget!)",null,14]
["DeLice & Mange Spray 32 Oz","10550-32oz",55,null,"Smidley Parts:"]
["                                 64 Ounce Refill","10550-64oz",105,null,"Thermostat",4140,22]
["Detox Bulk - 1 Gallon",10560,65,null,"Valve",4145,12]
["Detox Plus - 25 Bolus","10910-25C",47.5,null,"Rubber Flush Plug",4100,4]
["Downer Plus - 25 ct","10920-25C",37.5,null,"Short Float",4130,8]
["Dull It - 2 Ounce","10140-2oz",20,null,"Long Float",4120,8]
["                        8 Ounce","10140-8oz",45,null,"Heating Element (1,2 and 4 Drink)","1 - 4105, 2 - 4110, 4 - 4115",22]
["32 Ounce","10140-32oz",145,null,"Smidley Drinkers (USED, With New Parts)"]
["Easy Life - 2 Ounce","10150-2oz",20,null,"Single Drinker, Single Side",4200,150]
["                   4 Ounce","10150-4oz",31.5,null,"Replacement Part Package",null,68]
["                   8 Ounce","10150-8oz",45,null,"Single Drinker, Double Side",null,250]
["Electra Lytes - 4#","10930-4lbs",21,null,"Replacement Part Package",null,68]
["Eliminate Bolus - 25 Ct.","10940-25ct",61.5,null,"Double Drinker, Double Side",4205,325]
["FAB-55 - 2 Ounce",null,20,null,"Replacement Part Package",null,90]
["                4 ounce",null,31.5,null,"Triple Drinker, Double Side",4215,425]
["FEV-4 - 2 ounce","10180-2oz",20,null,"Replacement Part Package",null,90]
["FEV-4  -  8 ounce","10180-8oz",45,null,"Other Products:"]
["FLC  -  8 Ounce","10190-8oz",45,null,"Equine Kelp  -  6.6#",4775,29]
["Foot Fix Spray  -  32 Ounce","10580-32oz",72,null,"Diatomaceous Earth - 50#",7225,19.5]
["Fresh Cow Bolus  -  20 ct","10960-20C",39,null,"Mistral - 55#",4805,50]
["Garlic  -  8 Ounce","10210-8oz",45,null,"White Barn Lime - 50#",4800,6]
["Garlic Oil - 8 Ounce",null,23,null,"Oyster Shells - 50#",7265,11]
["Hand Sanitizer - 8 Ounce",null,16,null,"Poultry Grit #2 medium - 50#",7342,7.5]
["                              16 Ounce",null,26,null,"Blue bag water softener salt - 50#",4850,9.5]
["                              32 Ounce",null,45,null,"Yellow bag softener salt - 50#",4855,7.5]
["                              1 Gallon",null,154,null,"Redmond Udder Mud 16 ounce",4600,19]
["Herbaloe - 32 Ounce","10590-32oz",31,null,"Crystal Creek Pivot-FL 5#",4710,50]
["KetoCare - 20 ct","10985-20C",43,null,"Crystal Creek Super Boost Bulk 5#",4705,142]
["Knit Away  -  60 Ounce","10600-60oz",35,null,"Redmond Human Products:"]
["LT Solution - 8 Ounce","10220-8oz",45,null,"Real Salt  10 Ounce Shaker","4610-9",5]
["Nature's Cycle H  -  8 Ounce","10240-8oz",45,null,"Real Salt 26 Ounce Pouch","4610-26",9]
["OLS-M  -  8 Ounce","10250-8oz",45,null,"Real Salt Holiday Pack",null,18]
["32 Ounce","10250-32oz",145,null,"Real Salt Flavored Season Salts 8.25 Ounce",null,8]
["Pig Aid  -  16 Ounce","10620-16oz",31,null,"Real Salt Season Salt 32 Ounce",null,25]
["Pinkeye Drops - 8 Ounce","10270-8oz",45,null,"Earth Paste (all flavors)",null,6]
["Poke Oil - 8 Ounce","10280-8oz",23,null,"Earth Powder (all flavors)",null,9]
["Poultry Plus - 64 Ounce","10630-64oz",20,null,"Bentonite Clay (Food Grade)",null,8.5]
["Poultry-X - 60 Ounce","10635-60oz",26,null,"Shavings & Pet Food:"]
["                      5 Quart","10635-5qt",66.5,null,"SunCoast Pine - 25# (12 cu ft)",4810,8]
["                      3 Gallon","10635-3G",152,null,"Tuffy's Adult Gold Dog Food - 40#",4910,22]
["Protect Her  -  16 Ounce","10640-16oz",23,null,"Tuffy's Adult Cat Food - 40#",4905,22]
["32 Ounce","10640-32oz",42,null,"Fertrell:"]
["S&G Bulk - 36 Ounce",null,135,null,"Pyganic 1.4 conc - 1 quart",4400,65]
["S&G Pills  -  20 Capsules","10300-20C",29.5,null,"Pyganic 5.0 conc - 1 quart ",4405,175]
["Savvy Wound - 16 Ounce","11000-16oz",25,null,"Nature's Avenger - 24 Ounce Spray",4415,15]
["Savvy Udder - 16 Ounce","11010-16oz",25,null,"Pure Spray - 2.5 Gallon",4410,75]
["32 Ounce","11010-32oz",45,null,"Orange Guard 24 Ounce Spray",4425,17.5]